| 000 | 01036nam a2200229 i 4500 | ||
|---|---|---|---|
| 001 | 181794 | ||
| 003 | ES-MaACL | ||
| 005 | 20230906221445.0 | ||
| 008 | 130326s1928 sp a |||| ||spa d | ||
| 080 | _a904(460.354) | ||
| 100 | 1 |
_aBonsor, Jorge Eduardo. _930303 |
|
| 245 | 1 | 0 |
_aTartesos _b: excavaciones practicadas en 1923 en el Cerro del Trigo, termino de Almonte (Huelva) : memoria de los trabajos realizados en dichas excavaciones / _cpor Don Jorge Bonsor. |
| 260 |
_aMadrid : _b[s.n.], _c1928 ( _fTipografía de Archivos) |
||
| 300 |
_a28 p. : _bil. ; _c24 cm. |
||
| 490 | 1 |
_aJunta Superior de Excavaciones y Antigüedades ; _vn. 97 = n. 5, 1927 |
|
| 650 | 4 |
_aExcavaciones arqueológicas- _zHuelva (Provincia) _9152529 |
|
| 651 | 4 |
_aCerro del Trigo (Huelva)- _xRestos arqueológicos. _9152530 |
|
| 710 | 2 |
_aEspaña. _bJunta Superior de Excavaciones y Antigüedades. _9152463 |
|
| 830 | 0 |
_aJunta Superior de Excavaciones y Antigüedades ; _vn. 97 = n. 5, 1927 _9191570 |
|
| 852 |
_aES-MaACL _jE-3376(6) |
||
| 999 |
_c181794 _d181794 |
||